000
00233nam a2200097Ia 4500
008
190216s9999||||xx |||||||||||||| ||und||
100
_a
Duluganov M
245
0
_a
Radio Tharangam Sancharanam
260
_b
Kerala Basha Inst
942
_c
BK
999
_c
39353
_d
39353